Provincias bilingües de España - Estadísticas

Estadísticas generales
  • Esta prueba ha sido intentada 65 veces
    28 desde el último reinicio
  • La puntuación promedio es 20 de 22
Estadísticas de respuestas
Idiomas Provincia % Correcto
Catalán/Valenciano y Castellano Barcelona
100%
Catalán/Valenciano y Castellano Girona
100%
Catalán/Valenciano y Castellano València
100%
Catalán/Valenciano y Castellano Alicante / Alacant
95%
Euskera y Castellano Bizkaia
95%
Catalán/Valenciano y Castellano Castelló
95%
Catalán/Valenciano, Occitano (aranés) y Castellano Lleida
95%
Gallego y Castellano Lugo
95%
Catalán/Valenciano y Castellano Tarragona
95%
Euskera y Castellano Araba
91%
Euskera y Castellano Nafarroa / Navarra
91%
Gallego y Castellano Ourense
91%
Gallego y Castellano Pontevedra
91%
Aragonés, Catalán/Valenciano y Castellano Uesca
91%
Aragonés, Catalán/Valenciano y Castellano Zaragoza
91%
Gallego y Castellano A Coruña
86%
Gallego, Asturleonés y Castellano Asturies
82%
Euskera y Castellano Gipuzkoa
82%
Catalán/Valenciano y Castellano Teruel
77%
Gallego, Asturleonés y Castellano León
73%
Gallego, Asturleonés y Castellano Zamora
73%
Catalán/Valenciano y Castellano Illes Balears
59%
No se encontraron pruebas coincidentes
Distribución de puntuación
Porcentaje de gente con cada puntuación
Porcentaje por número respondido
Historial de tus puntuaciones
No has intentado esta prueba desde el último reinicio